| 000 | 00483nam a2200181Ia 4500 | ||
|---|---|---|---|
| 003 | GCL | ||
| 008 | 140319s9999 xx 000 0 eng d | ||
| 040 |
_aGCL / _cGCL |
||
| 082 | 0 | 4 |
_a822 _bC B |
| 100 | 1 | _aCRISPIN, EDMUND | |
| 245 | 1 | 0 |
_aBEST OF SEVEN: SCIENCE FICTION STORIES / _cCRISPIN, EDMUND |
| 260 |
_a[S.N] : _bFaber and Faber ، _c1970 |
||
| 300 | _a212 P | ||
| 650 | 0 | 4 | _aENGLISH LITERATURE |
| 650 | 0 | 4 | _aENGLISH FICTION |
| 650 | 0 | 4 | _aSCIENCE - FICTION |
| 942 |
_2ddc _cBK |
||
| 999 |
_c11761 _d11761 |
||